Andrés Bello. La pasión por el orden.

Zapisane w:
Opis bibliograficzny
1. autor: Jaksic Andrade, Iván (autor)
Format: Książka
Wydane: Santiago, Chile. Universitaria, 2001.
Wydanie:Primera edición.
Seria:Imagen de Chile.
Hasła przedmiotowe:
Etykiety: Dodaj etykietę
Nie ma etykietki, Dołącz pierwszą etykiete!

MARC

LEADER 00000cam a2200000 a 4500
001 UCG1224
003 CL-VaPUC
005 20220822114543.0
008 220705t2001 ||||| |||| 00| 0 eng d
999 |c 436677  |d 436675 
020 |a 956-11-1577-8 
040 |c Pontificia Universidad Católica de Valparaíso 
082 0 4 |a 305.552 JAK 2001  |2 21 
100 |a Jaksic Andrade, Iván  |e autor  |9 599681 
245 1 0 |a Andrés Bello.  |b La pasión por el orden. 
250 |a Primera edición. 
260 |a Santiago, Chile.  |b Universitaria,   |c 2001. 
300 |a 323 páginas. 
490 |a Imagen de Chile. 
500 |a c.1 Donación Familia Prof. Alejandro Guzmán Brito. 
583 |a last modification  |c 20120831 01:57:50  |k Catalogador Asistente 
600 0 7 |a Bello, Andrés  |2 CL-VaPUC  |9 549030  |x Biografía 
650 0 |a Intelectuales  |z Venezuela  |z Chile  |9 262027 
942 |c BK  |2 ddc  |n 0 
952 |0 0  |1 0  |2 ddc  |4 0  |6 305_552000000000000_JAK_2001  |7 0  |8 C_AGB  |9 584368  |a BIBDER  |b BIBDER  |d 2022-07-05  |e Donación  |i 5652486  |o 305.552 JAK 2001  |p 5652486  |r 2023-01-25  |t 1  |w 2022-07-05  |y BK_US  |k AGB